Green Day- Know Your Enemy Lyrics - Statistics

General Stats
  • This quiz has been taken 45 times
  • The average score is 186 of 271
Answer Stats
Answer % Correct
Do
100%
enemy?
100%
enemy,
100%
enemy
100%
know
100%
the
100%
The
100%
you
100%
your
100%
gotta
85%
Well,
73%
Well
73%
an
64%
is
64%
energy
55%
energy,
55%
Oh
55%
oh
55%
Violence
55%
violence
55%
in
42%
silence
42%
to
42%
be
39%
rah-eh
39%
So
39%
so
39%
will
39%
of
36%
Against
33%
against
33%
by
33%
up
33%
When
33%
demons
30%
eyes
30%
fury
30%
obey
30%
on
30%
rise
30%
blinded
27%
blood's
27%
Don't
27%
gimme
27%
rally
27%
revolution!
27%
soul
27%
been
24%
Bringing
24%
here
24%
lies
24%
sacrificed
24%
And
21%
eternity
21%
from
21%
majority
21%
Say!
21%
vast
21%
down
18%
effigy
18%
eh,
18%
eh
18%
insurgency
18%
choir
15%
honor
15%
Overthrow
15%
Revolt
15%
urgency
15%
burning
12%
control
12%
foreman
12%
infultry
6%
(oh eh, oh eh)
6%
(oh eh, oh, eh)
6%
Oh eh, oh eh
6%
No matching quizzes found
Score Distribution
Percent of People with Each Score
Percentile by Number Answered
Your Score History
You have not taken this quiz